000 01350cam a22003857a 4500
001 7767098
003 OSt
005 20211119155559.0
006 m d
007 cr n
008 090322s2010 enka sb 001 0 eng d
015 _aGBA963122
_2bnb
016 7 _a015298048
_2Uk
020 _a9781848826137 (hbk.)
035 _a(WaSeSS)ssj0000315513
038 _aKhadija
040 _aUKM
_cUKM
_dC#P
_dCDX
_dYDXCP
_dMUU
_dDLC
_dWaSeSS
042 _alccopycat
050 4 _aTJ223.A25
_bG66 2010
050 4 _aTJ223.A25
082 0 4 _a629.8315
_222
_bGOM
100 1 _aGomis-Bellmunt, Oriol.
_984665
210 1 0 _aDesign rules for actuators in active mechanical systems
245 1 0 _aDesign rules for actuators in active mechanical systems /
_cOriol Gomis-Bellmunt, Lucio Flavio Campanile.
260 _aLondon ;
_aNew York :
_bSpringer,
_cc2010.
504 _aIncludes bibliographical references and index.
506 _aLicense restrictions may limit access.
563 _aHB
650 0 _aActuators.
_984666
700 1 _aCampanile, Lucio Flavio.
_984667
773 0 _tSpringerLink ebooks - Engineering (2010)
856 4 0 _uhttp://www.columbia.edu/cgi-bin/cul/resolve?clio7767098
_zFull text available from SpringerLink ebooks - Engineering (2010)
910 _aLibrary of Congress record
942 _2ddc
_cBK
999 _c33125
_d33125